ბათუმის შოთა რუსთაველის სახელმწიფო უნივერსიტეტის ბიბლიოთეკა

ზოგადი ჰიგიენის სახელმძღვანელო : (ბიბ.ჩანაწერი № 61944)

000 -ლიდერი
ფიქსირებული სიგრძის საკონტროლო ველი 01083nam a22002057a 4500
003 - საკონტროლო ნომრის იდენტიფიკატორი
საკონტროლო ველი Ge_BSU
005 - ბოლო ოპერაციის თარიღი და დრო
საკონტროლო ველი 20240613123827.0
008 - ფიქსირებული სიგრძის მონაცემთა ელემენტები - ზოგადი ინფორმაცია
ფიქსირებული სიგრძის საკონტროლო ველი 240613s1939 ge ||||| |||| 00| 0 geo d
041 ## - ენის კოდი
Language code of text/sound track or separate title geo
080 ## - უნივერსალური ათობითი კლასიფიკაციის ინდექსი
Universal Decimal Classification number 613/614(075.32) მ-21
100 ## - მთავარი ჩანაწერი - პიროვნების სახელი
Personal name მალიშევი, ვ.პ.
9 (RLIN) 22422
245 ## - ცნობა სათაურის შესახებ
Title ზოგადი ჰიგიენის სახელმძღვანელო :
Remainder of title სახელმძღვ. საშუალო სამედიცინო სკოლებისათვის /
Statement of responsibility, etc შედგ.: ვ.ნ. დროშინსკის და სხვ. მონაწილეობით; რედ.: ა.ნ. სისინი.
264 ## - წარმოების, გამოცემის, დისტრიბუციის და სხვა ცნობები
გამოცემის, წარმოების, დისტრიბუციის... ადგილი თბ. :
გამოცემის, წარმოების, დისტრიბუციის... სახელწოდება საქმედგამი,
გამოცემის, წარმოების, დისტრიბუციის... თარიღი 1939.
300 ## - ფიზიკური აღწერა
Extent 360 გვ. :
Other physical details ნახ. ;
Dimensions 22 სმ.
653 ## - INDEX TERM--UNCONTROLLED
Uncontrolled term ზოგადი ჰიგიენა
653 ## - INDEX TERM--UNCONTROLLED
Uncontrolled term მედიცინა
700 ## - ADDED ENTRY--PERSONAL NAME
Personal name დროშინსკი, ვ.ნ.
Relator term შემდგენელი
9 (RLIN) 22417
700 ## - ADDED ENTRY--PERSONAL NAME
Personal name სისინი, ა.ნ.
Relator term რედაქტორი
9 (RLIN) 22418
942 ## - ADDED ENTRY ELEMENTS (KOHA)
Source of classification or shelving scheme
Koha item type წიგნი
ეგზემპლარები
ჩამოწერის სტატუსი დაკარგული ეგზემპლარის სტატუსი კლასიფიკაციის წყარო ან თაროზე გაწყობის სქემა დაზიანების სტატუსი არ გაიცემა მუდმივი მდებარეობა (დაცვის ადგილი) ამჟამინდელი ადგილსამყოფელი თაროზე განთავსების ადგილი შეძენის თარიღი ღირებულება, შესყიდვის ნორმალური ფასი სრული შენახვის შიფრი შტრიხკოდი ბოლო ოპერაციის თარიღი ეგზემპლარის მიმდევრობითი ნომერი (კეტერი?) ფასის ძალაში შესვლის თარიღი ეგზემპლარის სახეობა საჯარო შენიშვნა
          ბათუმის შოთა რუსთაველის სახელმწიფო უნივერსიტეტის მთავარი ბიბლიოთეკა ბათუმის შოთა რუსთაველის სახელმწიფო უნივერსიტეტის მთავარი ბიბლიოთეკა წიგნსაცავი 2024-06-13 3.00 613/614(075.32) მ-21 68167 2024-06-13 68167 2024-06-13 წიგნი 3 ლ.